000 00819nam a22002777a 4500
001 00570
003 DO-SdBNP
005 20240305075148.0
007 00570
008 160622b sp 2009 || 00| 0 spa d
020 _a9788420423555
040 _aBPMSU
_bspa
_cBPMSU
082 4 _aB869.4
_bP622c 2009
_222
100 1 _aPiñon, Nélida,
_d1937-
_961
245 1 0 _aCorazón andariego /
_cNélida Piñon ; traducción Montserrat Mira
260 _aMadrid :
_bAlfaguara,
_c2009.
300 _a324 p. ;
_c24 cm.
534 _pTítulo original :
_tCoração andarilho
590 _aInventarado, 2024/VM
650 4 _aNovela brasileña
650 4 _aNovela amorosa
650 4 _aLiteratura brasileña
700 1 _aMira, Montserrat,
_etr.
_d1928-
_963
910 _aVMateo V. Control de calidad. BPMSU
942 _2ddc
_cBK
999 _c10508
_d10508